<?xml version="1.0" encoding="UTF-8"?>
<collection xmlns="http://www.loc.gov/MARC21/slim">
 <record>
  <leader>01570nam a2200337 a 4500</leader>
  <controlfield tag="001">41481</controlfield>
  <controlfield tag="003">BD-DhAAL</controlfield>
  <controlfield tag="005">20230718152212.0</controlfield>
  <controlfield tag="008">230718t2016    enka     b    001 0 eng  </controlfield>
  <datafield tag="010" ind1=" " ind2=" ">
   <subfield code="a">  2011290698</subfield>
  </datafield>
  <datafield tag="020" ind1=" " ind2=" ">
   <subfield code="a">9781107002173 (hardback)</subfield>
  </datafield>
  <datafield tag="040" ind1=" " ind2=" ">
   <subfield code="a">DLC</subfield>
   <subfield code="c">DLC</subfield>
   <subfield code="d">DLC</subfield>
   <subfield code="d">BD-DhAAL</subfield>
  </datafield>
  <datafield tag="042" ind1=" " ind2=" ">
   <subfield code="a">pcc</subfield>
  </datafield>
  <datafield tag="050" ind1="0" ind2="0">
   <subfield code="a">QA76.889</subfield>
   <subfield code="b">.N54 2010</subfield>
  </datafield>
  <datafield tag="082" ind1="0" ind2="0">
   <subfield code="a">004.1</subfield>
   <subfield code="2">23</subfield>
  </datafield>
  <datafield tag="100" ind1="1" ind2=" ">
   <subfield code="a">Nielsen, Michael A.,</subfield>
   <subfield code="d">1974-</subfield>
   <subfield code="9">55129</subfield>
  </datafield>
  <datafield tag="245" ind1="1" ind2="0">
   <subfield code="a">Quantum computation and quantum information /</subfield>
   <subfield code="c">Michael A. Nielsen &amp; Isaac L. Chuang.</subfield>
  </datafield>
  <datafield tag="250" ind1=" " ind2=" ">
   <subfield code="a">Tenth anniversary edition.</subfield>
  </datafield>
  <datafield tag="260" ind1=" " ind2=" ">
   <subfield code="a">Cambridge ;</subfield>
   <subfield code="a">New York :</subfield>
   <subfield code="b">Cambridge University Press,</subfield>
   <subfield code="c">2010.</subfield>
  </datafield>
  <datafield tag="300" ind1=" " ind2=" ">
   <subfield code="a">xxxi, 676  pages :</subfield>
   <subfield code="b">illustrations ;</subfield>
   <subfield code="c">26 cm.</subfield>
  </datafield>
  <datafield tag="504" ind1=" " ind2=" ">
   <subfield code="a">Includes bibliographical references (p. [649]-664) and index.</subfield>
  </datafield>
  <datafield tag="526" ind1=" " ind2=" ">
   <subfield code="a">CSE</subfield>
  </datafield>
  <datafield tag="541" ind1=" " ind2=" ">
   <subfield code="a">Book finder International</subfield>
   <subfield code="e">41481, 41482</subfield>
  </datafield>
  <datafield tag="650" ind1=" " ind2="0">
   <subfield code="a">Quantum computers.</subfield>
  </datafield>
  <datafield tag="700" ind1="1" ind2=" ">
   <subfield code="a">Chuang, Isaac L.,</subfield>
   <subfield code="d">1968-</subfield>
   <subfield code="9">55130</subfield>
  </datafield>
  <datafield tag="852" ind1=" " ind2=" ">
   <subfield code="a">Ayesha Abed Library</subfield>
   <subfield code="c">General Stacks</subfield>
  </datafield>
  <datafield tag="856" ind1="4" ind2="1">
   <subfield code="3">Table of contents only</subfield>
   <subfield code="u">http://www.loc.gov/catdir/enhancements/fy1117/2011290698-t.html</subfield>
  </datafield>
  <datafield tag="942" ind1=" " ind2=" ">
   <subfield code="2">ddc</subfield>
   <subfield code="c">BK</subfield>
  </datafield>
  <datafield tag="999" ind1=" " ind2=" ">
   <subfield code="c">45708</subfield>
   <subfield code="d">45708</subfield>
  </datafield>
  <datafield tag="952" ind1=" " ind2=" ">
   <subfield code="0">0</subfield>
   <subfield code="1">0</subfield>
   <subfield code="2">ddc</subfield>
   <subfield code="4">0</subfield>
   <subfield code="6">004_100000000000000_NIE</subfield>
   <subfield code="7">0</subfield>
   <subfield code="9">73913</subfield>
   <subfield code="a">BRACUL</subfield>
   <subfield code="b">BRACUL</subfield>
   <subfield code="c">GEN</subfield>
   <subfield code="d">2023-07-12</subfield>
   <subfield code="e">Book Finder International</subfield>
   <subfield code="g">6981.60</subfield>
   <subfield code="l">6</subfield>
   <subfield code="m">51</subfield>
   <subfield code="o">004.1 NIE</subfield>
   <subfield code="p">3010041481</subfield>
   <subfield code="q">2026-08-09</subfield>
   <subfield code="r">2026-04-11</subfield>
   <subfield code="s">2026-04-11</subfield>
   <subfield code="t">1</subfield>
   <subfield code="v">6981.60</subfield>
   <subfield code="w">2023-07-12</subfield>
   <subfield code="y">BK</subfield>
  </datafield>
  <datafield tag="952" ind1=" " ind2=" ">
   <subfield code="0">0</subfield>
   <subfield code="1">0</subfield>
   <subfield code="2">ddc</subfield>
   <subfield code="4">0</subfield>
   <subfield code="6">004_100000000000000_NIE</subfield>
   <subfield code="7">0</subfield>
   <subfield code="9">73914</subfield>
   <subfield code="a">BRACUL</subfield>
   <subfield code="b">BRACUL</subfield>
   <subfield code="c">GEN</subfield>
   <subfield code="d">2023-07-12</subfield>
   <subfield code="e">Book Finder International</subfield>
   <subfield code="g">6981.60</subfield>
   <subfield code="l">7</subfield>
   <subfield code="m">58</subfield>
   <subfield code="o">004.1 NIE</subfield>
   <subfield code="p">3010041482</subfield>
   <subfield code="q">2026-05-14</subfield>
   <subfield code="r">2026-05-07</subfield>
   <subfield code="s">2026-05-07</subfield>
   <subfield code="t">2</subfield>
   <subfield code="v">6981.60</subfield>
   <subfield code="w">2023-07-12</subfield>
   <subfield code="y">BK</subfield>
  </datafield>
 </record>
</collection>
